000 01297nam a22003617a 4500
001 260
003 FISKH
005 20230313111627.0
008 230313b cb ||||| |||| 00| 0 eng d
020 _a9780439738569
040 _aBKX
_cBKX
_dOCLCQ
_dBAKER
_dDLC
_dFISKH
_beng
050 _aPZ7.B78973
082 0 4 _a823.92
_222
100 1 _aBrooke, Lauren.
245 1 0 _aHeart of gold /
_cby Lauren Brooke.
260 _aNew York
_bScholastic
_c2006
300 _a216 p. ;
_c20 cm.
490 1 _aChestnut Hill ;
_vv. 3
505 _aO
520 _aHoney is immediately drawn to Patience's new pony Moonlight Minuet. When Minuet is injured, she desperately wants to help, but her friends warn her not to get too involved. However, they aren't aware of Honey's secret that makes helping Minuet so important.
521 1 _a850
_bLexile
521 1 _aO
_bRaz-Plus
650 0 _aBoarding schools
_zVirginia
_vJuvenile fiction.
650 0 _aFriendship
_vJuvenile fiction.
650 0 _aHorsemanship
_vJuvenile fiction.
650 1 _aFriendship
_vFiction.
650 1 _aBoarding schools
_vFiction.
650 1 _aHorsemanship
_vFiction.
651 0 _aVirginia
_vJuvenile fiction.
651 1 _aVirginia
_vFiction.
906 _a7
_bcbc
_ccopycat
_d2
_encip
_f20
_gy-gencatlg
942 _2ddc
_cBK
_n0
999 _c260
_d260